000 00808cam a2200253 a 4500
001 14893950
003 OSt
005 20150408113958.0
008 111213s20071917nyu 000 1 eng
010 _a 2007025309
020 _a9780307386533 (trade pbk.)
040 _aDLC
_cMu
082 0 0 _a823.912 C J S
_222
100 1 _aConrad, Joseph,
_d1857-1924.
_96894
245 1 4 _aThe shadow-line :
_ba confession /
_cJoseph Conrad.
250 _a1st Vintage Classics ed.
260 _aNew York :
_bVintage Books,
_c2007.
300 _a132 p. ;
_c22 cm.
650 0 _aShip captains
_vFiction.
_97490
655 7 _aSea stories.
_2gsafd
_98192
906 _a7
_bcbc
_corignew
_d1
_eecip
_f20
_gy-gencatlg
942 _2ddc
_cDVD
999 _c19680
_d254180